Borat's Kazakhstan National Anthem - Multiple choice - Statistics

General Stats
  • This quiz has been taken 1,221 times
  • The average score is 11 of 15
Answer Stats
Question Answer % Correct
Verse one: Kazakhstan, greatest _______ in the world country
96%
All the other countries are run by ___________ little girls
94%
It remove 80% of solid human _____ waste
88%
Kazakhstan, number one exporter of _______
All the other countries have inferior _______
potassium
84%
Kazakhstan's ________, cleanest in the region prostitutes
81%
Kazakhstan friend of all except ________ Uzbekistan
79%
Chorus: Kazakhstan, Kazakhstan, you very nice _____ place
75%
Its length thirty metre, width ____ metre six
75%
______ system a marvel to behold Filtration
73%
Verse two: Kazakhstan, home of Tinshein __________ swimming pool
67%
From plains of Tarashek to northern _____ of Newtown fence
56%
They very nosey people, with ______ in their brain bone
53%
Verse three: Kazakhstan, _______ best in world industry
49%
We invented ______ and trouser belt toffee
46%
Except of course for ___________'s Turkmenistan
43%
No matching quizzes found
Score Distribution
Percent of People with Each Score
Percentile by Number Answered
Your Score History
You have not taken this quiz